Malá architektúra interiéru Správne usmernenie nákupu ovplyvňuje výšku obratu
Úspešnosť predaja závisí v mnohom aj od vnútorného zariadenia predajne a architektúry interiéru. Tradičné usporiadanie - vysoké regály - na ústupe. Účelné a moderné usporiadanie zariadenia predajne má vplyv na zvýšený obrat, zníženie krádeží a skvalitnenie predaja.
Guardado en:
| Autor principal: | |
|---|---|
| Formato: | Capítulo de libro |
| Lenguaje: | eslovaco |
| Materias: | |
| Etiquetas: |
Sin Etiquetas, Sea el primero en etiquetar este registro!
|
MARC
| LEADER | 00000naa a2200000 4500 | ||
|---|---|---|---|
| 001 | r027006 | ||
| 005 | 20230626070351.6 | ||
| 041 | 0 | |a slo | |
| 044 | |a SK | ||
| 245 | 1 | 0 | |a Malá architektúra interiéru |b Správne usmernenie nákupu ovplyvňuje výšku obratu |c E. Zajacová |
| 520 | |a Úspešnosť predaja závisí v mnohom aj od vnútorného zariadenia predajne a architektúry interiéru. Tradičné usporiadanie - vysoké regály - na ústupe. Účelné a moderné usporiadanie zariadenia predajne má vplyv na zvýšený obrat, zníženie krádeží a skvalitnenie predaja. | ||
| 610 | 2 | 0 | |a obchod |
| 610 | 2 | 0 | |a predaj |
| 610 | 2 | 0 | |a predajne |
| 610 | 2 | 0 | |a vybavenosť obchodná |
| 610 | 2 | 0 | |a zákazníci |
| 610 | 2 | 0 | |a architektúra |
| 610 | 2 | 0 | |a sortiment tovaru |
| 610 | 2 | 0 | |a nákup |
| 100 | 1 | |a Zajacová, Eva | |